Las Cruzadas vistas por los árabes / (Record no. 7803)

MARC details
000 -LEADER
campo de control de longitud fija 00847nam a2200253 i 4500
001 - NÚMERO DE CONTROL
campo de control 7803
003 - IDENTIFICADOR DE NÚMERO DE CONTROL
campo de control ES-MaACL
005 - FECHA Y HORA DE LA ÚLTIMA TRANSACCIÓN
campo de control 20240320063113.0
007 - CAMPO FIJO DE DESCRIPCIÓN FÍSICA--INFORMACIÓN GENERAL
campo de control de longitud fija t|
008 - DATOS DE LONGITUD FIJA--INFORMACIÓN GENERAL
campo de control de longitud fija 910511s1989 sp ||||1| spa d
020 ## - NÚMERO INTERNACIONAL ESTÁNDAR DEL LIBRO
Número Internacional Estándar del Libro 84-206-9602-1
080 ## - NÚMERO DE LA CLASIFICACIÓN DECIMAL UNIVERSAL
Número de la Clasificación Decimal Universal 9(=927)"11/12"
080 ## - NÚMERO DE LA CLASIFICACIÓN DECIMAL UNIVERSAL
Número de la Clasificación Decimal Universal 9(4)"11/12"
100 0# - ENTRADA PRINCIPAL--NOMBRE DE PERSONA
Nombre de persona Maalouf, Amin,
Fechas asociadas al nombre 1949-
9 (RLIN) 74991
245 14 - MENCIÓN DEL TÍTULO
Título Las Cruzadas vistas por los árabes /
Mención de responsabilidad, etc. Amin Maalouf ; version española de Maria Teresa Gallego y Maria Isabel Reverte.
260 ## - PUBLICACIÓN, DISTRIBUCIÓN, ETC.
Lugar de publicación, distribución, etc. Madrid :
Nombre del editor, distribuidor, etc. Alianza,
Fecha de publicación, distribución, etc. D.L. 1989.
300 ## - DESCRIPCIÓN FÍSICA
Extensión 306 p., [8] p. de il. ;
Dimensiones 22 cm.
650 #4 - PUNTO DE ACCESO ADICIONAL DE MATERIA--TÉRMINO DE MATERIA
Término de materia o nombre geográfico como elemento de entrada Cruzadas.
9 (RLIN) 11463
651 #4 - PUNTO DE ACCESO ADICIONAL DE MATERIA--NOMBRE GEOGRÁFICO
Nombre geográfico Imperio islámico-
Subdivisión cronológica S.XI-XIII.
9 (RLIN) 8836
700 1# - ENTRADA AGREGADA--NOMBRE PERSONAL
Nombre de persona Gallego, Maria Teresa.
9 (RLIN) 53541
700 1# - ENTRADA AGREGADA--NOMBRE PERSONAL
Nombre de persona Reverté Cejudo, María Isabel.
9 (RLIN) 96417
852 ## - LOCALIZACIÓN
Ubicación ES-MaACL
Número de control de estantería L-15064
Sublocalización o colección R.118965
Nota libre . - rust.
Holdings
Estatus retirado Estado de pérdida Estado de daño No para préstamo Biblioteca de origen Biblioteca actual Ubicación en estantería Fecha de adquisición Fuente de adquisición Total de préstamos Signatura topográfica completa Código de barras Visto por última vez Precio de reemplazo Tipo de ítem Koha
        Biblioteca del Ateneo de Madrid Biblioteca del Ateneo de Madrid Depósito 2 17/01/2008     L-15064 1007959 23/02/2023 23/02/2023 Libro impreso